书目信息 |
| 书名: | The language of computer programming in English | |
| 作者: | ||
| 分册号: | ||
| 分册名: | 出版地: | New York : |
|
| 出版社: | Regents Pub. Co., Inc | |
| 出版时间: | 1976. | |
| 页数: | 94 p. : | |
| 开本: | 20020930 | |
| 丛书名: | ||
| 中图分类号: | ||
| 科图分类号: | ||
| 其他分类号: | H31 | |
| 主题词: | ||
| 电子资源: | ||
| 000 | 00586nam 2200205 a 4500 | |
| 001 | E0740675047 | |
| 005 | 20070131111844.98 | |
| 008 | 001 0 eng | |
| 008 | uu | |
| 040 | @aNLC | |
| 049 | @aN5LA | |
| 090 | @a2/H319.4/KJC//////*915495-6/ 2cop. | |
| 090 | @aH31 | |
| 096 | @aH319.4 @v2 | |
| 099 | @dH31@ex104 | |
| 100 | 1 | @aKeegel, John C. |
| 245 | 14 | @aThe language of computer programming in English |
| 260 | @aNew York :@bRegents Pub. Co., Inc.,@c1976. | |
| 300 | @a94 p. :@b00 ;@c20020930@lNLC09@h2244@lNLC09@h2232@lNLC09@h1824 | |
| 852 | 9 | @bWWJC @cJ08S @k2 @hH319.4 @iKJC |
| The language of computer programming in English.-New York : : Regents Pub. Co., Inc., , 1976. |
| 94 p. : : 00 ; ; 20020930 |
| ISBN |
| ● |
| 相关链接 |
|
|
|
|
正题名:language of computer programming in English
索取号:H31/x104
 
预约/预借
| 序号 | 登录号 | 条形码 | 馆藏地/架位号 | 状态 | 备注 |
| 1 | 46737 | 001160040 | 第四借阅区/ [索取号:H31/x104] | 在馆 |